Encouraging original thought

Vzdelávanie študentov v minulosti a v súčasnej dobe. Nové možnosti vzdelávania súčasných študentov - využitie počítačov, internetu... Problém plagiátorstva pri písaní výskumných prác. Rozšírenie plagiátorstva medzi študentami - tri hlavné príčiny. Prečo a ako majú učitelia povzbudzovať študentov pís...

Description complète

Enregistré dans:
Détails bibliographiques
Auteur principal: McCullough, Paul
Format: Chapitre de livre
Langue:anglais
Sujets:
Tags: Ajouter un tag
Pas de tags, Soyez le premier à ajouter un tag!

MARC

LEADER 00000nla$a2200000$$$4500
001 0078688
005 20240502071913.2
041 0 |a eng 
044 |a SK 
245 1 0 |a Encouraging original thought  |c Paul McCullough 
520 |a Vzdelávanie študentov v minulosti a v súčasnej dobe. Nové možnosti vzdelávania súčasných študentov - využitie počítačov, internetu... Problém plagiátorstva pri písaní výskumných prác. Rozšírenie plagiátorstva medzi študentami - tri hlavné príčiny. Prečo a ako majú učitelia povzbudzovať študentov písať vlastné práce a nie plagiarizovať. 
610 2 0 |a práce výskumné 
610 2 0 |a podvody 
610 2 0 |a študenti 
610 2 0 |a učitelia 
610 2 0 |a jazyky cudzie 
100 1 |a McCullough, Paul